<?xml version="1.0" encoding="UTF-8"?>
<record
    xmlns:xsi="http://www.w3.org/2001/XMLSchema-instance"
    xsi:schemaLocation="http://www.loc.gov/MARC21/slim http://www.loc.gov/standards/marcxml/schema/MARC21slim.xsd"
    xmlns="http://www.loc.gov/MARC21/slim">

  <leader>02740nam a2200217 a 4500</leader>
  <controlfield tag="001">000046400</controlfield>
  <controlfield tag="005">20201002052837.0</controlfield>
  <controlfield tag="008">150807s2005    cl ab         000 0 spa d</controlfield>
  <datafield tag="020" ind1=" " ind2=" ">
    <subfield code="a">9580486751</subfield>
  </datafield>
  <datafield tag="040" ind1=" " ind2=" ">
    <subfield code="a">DO-SdBNP</subfield>
    <subfield code="b">spa</subfield>
    <subfield code="c">BNPHU</subfield>
  </datafield>
  <datafield tag="041" ind1="1" ind2="7">
    <subfield code="a">spa</subfield>
    <subfield code="h">eng</subfield>
  </datafield>
  <datafield tag="082" ind1=" " ind2=" ">
    <subfield code="a">xxxx</subfield>
    <subfield code="b">xxxx</subfield>
  </datafield>
  <datafield tag="100" ind1="1" ind2=" ">
    <subfield code="a">Shenkar, Oded</subfield>
    <subfield code="9">73302</subfield>
  </datafield>
  <datafield tag="240" ind1="1" ind2="3">
    <subfield code="a">The Chinise century</subfield>
    <subfield code="g">the rising Chinise economy and its impact on the global economy the balance of power</subfield>
  </datafield>
  <datafield tag="245" ind1="1" ind2="3">
    <subfield code="a">El siglo de China :</subfield>
    <subfield code="b">la floreciente econom&#xED;a de China y su impacto en la econom&#xED;a global, en el equilibrio de poder y en los empleos /</subfield>
    <subfield code="c">Oded Shenkar ; traducci&#xF3;n, Jorge C&#xE1;rdenas Nannetti.</subfield>
  </datafield>
  <datafield tag="260" ind1=" " ind2=" ">
    <subfield code="a">Bogot&#xE1;, Colombia :</subfield>
    <subfield code="b">Norma,</subfield>
    <subfield code="c">2005.</subfield>
  </datafield>
  <datafield tag="300" ind1=" " ind2=" ">
    <subfield code="a">ix, 270 p. :</subfield>
    <subfield code="b">il., mapas ;</subfield>
    <subfield code="c">23 cm.</subfield>
  </datafield>
  <datafield tag="505" ind1="0" ind2=" ">
    <subfield code="a">Los albores del siglo de la China --</subfield>
    <subfield code="t">La China en la econom&#xED;a global --</subfield>
    <subfield code="t">A pasos agigantados --</subfield>
    <subfield code="t">La China se enfrenta al mundo --</subfield>
    <subfield code="t">D&#xF3;nde est&#xE1;n los empleos --</subfield>
    <subfield code="t">Un para&#xED;so para el consumidor --</subfield>
    <subfield code="t">El reajuste que viene --</subfield>
    <subfield code="t">El reino medio --</subfield>
    <subfield code="t">Una herencia imperial (pero no imperialista) --</subfield>
    <subfield code="t">La era moderna : la China y las potencias extranjeras --</subfield>
    <subfield code="t">La China bajo el comunismo --</subfield>
    <subfield code="t">El per&#xED;odo de reforma --</subfield>
    <subfield code="t">Nobles aspiraciones --</subfield>
    <subfield code="t">Como Ninguna otra --</subfield>
    <subfield code="t">&#xBF;Es la China un nuevo Jap&#xF3;n? --</subfield>
    <subfield code="t">Dragones grandes y peque&#xF1;os --</subfield>
    <subfield code="t">La China y la India : un cuento de dos pa&#xED;ses --</subfield>
    <subfield code="t">De Calientes a aviones --</subfield>
    <subfield code="t">El legado de la tecnolog&#xED;a --</subfield>
    <subfield code="t">Ascenso por la escala tecnol&#xF3;gica --</subfield>
    <subfield code="t">Aprovechamiento de la inversi&#xF3;n extranjera --</subfield>
    <subfield code="t">Actualizaci&#xF3;n del personal chino --</subfield>
    <subfield code="t">Llevar la tecnolog&#xED;a a la empresa --</subfield>
    <subfield code="t">El rolex de dos dolares --</subfield>
    <subfield code="t">Las huellas del yanqui --</subfield>
    <subfield code="t">Costos y beneficios de la violaciones --</subfield>
    <subfield code="t">Una industria en formaci&#xF3;n --</subfield>
    <subfield code="t">Pirater&#xED;a de productos digitalizados --</subfield>
    <subfield code="t">Proteci&#xF3;n que no protege --</subfield>
    <subfield code="t">Globalizaci&#xF3;n de la pirater&#xED;a y la falsificaci&#xF3;n --</subfield>
    <subfield code="t">Marcha adelante --</subfield>
    <subfield code="t">El reto empresarial --</subfield>
    <subfield code="t">Cuentos de la industria --</subfield>
    <subfield code="t">La geograf&#xED;a del impacto chino --</subfield>
    <subfield code="t">&#xBF;Qu&#xE9; sigue ahora? --</subfield>
    <subfield code="t">Preparaci&#xF3;n para el siglo de la China --</subfield>
    <subfield code="t">Vamos a oriente donde hay empleos --</subfield>
    <subfield code="t">Migraci&#xF3;n y empleos : mito y realidad --</subfield>
    <subfield code="t">Qui&#xE9;nes se benefician --</subfield>
    <subfield code="t">La econom&#xED;a de la migraci&#xF3;n de empleos --</subfield>
    <subfield code="t">&#xBF;Volvemos a las andadas? --</subfield>
    <subfield code="t">La China y el mercado mundial del trabajo --</subfield>
    <subfield code="t">&#xBF;Est&#xE1; en peligro su empleo? --</subfield>
    <subfield code="t">Un televisor de Sichu&#xE1;n --</subfield>
    <subfield code="t">La f&#xE1;brica dle mundo encuentra al consumidor del mundo --</subfield>
    <subfield code="t">La naci&#xF3;n de Wal-Mart --</subfield>
    <subfield code="t">Una cancha pareja --</subfield>
    <subfield code="t">Fijaci&#xF3;n de precios --</subfield>
    <subfield code="t">&#xBF;Comprar&#xED;a usted un producto chino? --</subfield>
    <subfield code="t">&#xBF;Vuelve el "compre americano"? --</subfield>
    <subfield code="t">la China surge --</subfield>
    <subfield code="t">Analog&#xED;as mal entendidas --</subfield>
    <subfield code="t">La tortuga la liebre --</subfield>
    <subfield code="t">La China y la Organizaci&#xF3;n Mundial de Comercio --</subfield>
    <subfield code="t">Composiciones de lugar para el futuro --</subfield>
  </datafield>
  <datafield tag="505" ind1="0" ind2=" ">
    <subfield code="a">Fisuras.</subfield>
  </datafield>
  <datafield tag="700" ind1="1" ind2="2">
    <subfield code="a">C&#xE1;rdenas Nannetti, Jorge,</subfield>
    <subfield code="e">trad.</subfield>
    <subfield code="9">42922</subfield>
  </datafield>
  <datafield tag="952" ind1=" " ind2=" ">
    <subfield code="0">0</subfield>
    <subfield code="1">0</subfield>
    <subfield code="5">0</subfield>
    <subfield code="7">1</subfield>
    <subfield code="8">MO</subfield>
    <subfield code="a">PD</subfield>
    <subfield code="b">PD</subfield>
    <subfield code="c">CT</subfield>
    <subfield code="d">2015-08-07</subfield>
    <subfield code="i">LF1</subfield>
    <subfield code="l">0</subfield>
    <subfield code="o">xxxx xxxx</subfield>
    <subfield code="p">46400-10</subfield>
    <subfield code="r">2020-06-25</subfield>
    <subfield code="w">2020-06-25</subfield>
    <subfield code="y">1</subfield>
    <subfield code="z">Perteneci&#xF3; a la biblioteca personal de Chiqui Vicioso / Fidelio Despradel.</subfield>
    <subfield code="Z">No se presta</subfield>
  </datafield>
  <datafield tag="999" ind1=" " ind2=" ">
    <subfield code="c">45889</subfield>
    <subfield code="d">45889</subfield>
  </datafield>
</record>
